LEADER 01075cam0-2200277---450 001 990005728850403321 005 20251201135004.0 035 $a(Aleph)000572885FED01 100 $a19990604d1958----km-y1itay50------ba 101 0 $aita 102 $aIT 105 $ayf--r---00--- 200 1 $aAntologia dei poeti dialettali abruzzesi$edalle origini ai nostri giorni con profilo storico, studio ortografico e illustrazioni di artisti abruzzesi$fErnesto Giammarco$gprefazione di Gino Bottiglioni 210 $aPescara$cAttraverso l'Abruzzo$d1958 215 $aXLVIII, 247 p., 8 tav.$d22 cm 225 1 $aCentro Studi Abruzzesi. Collana di Documenti e di saggi critici, biografici e storici$v4 610 0 $aPoesia dialettale abruzzese$aAntologie 676 $a851.001$v22$zita 700 1$aGiammarco,$bErnesto$f<1916-1987>$0161461 801 0$aIT$bUNINA$gREICAT$2UNIMARC 901 $aBK 912 $a990005728850403321 952 $a850.994571 GIAE 02$bIst.Glott. 456$fFLFBC 959 $aFLFBC 996 $aAntologia dei poeti dialettali abruzzesi$9573327 997 $aUNINA